| 000 | 01691cam a22004334i 4500 | ||
|---|---|---|---|
| 003 | PE-LiUPU | ||
| 005 | 20250731183402.0 | ||
| 008 | 170811s2014 sp a rb 001 0 spa d | ||
| 020 | _a8425226384 | ||
| 020 | _a9788425226380 | ||
| 035 | _a(Sirsi) a238244 | ||
| 040 |
_aPE-LiUPU _bspa _cPE-LiUPU _erda |
||
| 049 | _aPRUA | ||
| 082 | 0 | 4 |
_a701.8 _bE37g _223 |
| 100 | 1 |
_aElam, Kimberly., _eautor. |
|
| 245 | 1 | 3 |
_aLa geometría del diseño : _bestudios sobre la proporción y la composición / _cKimberly Elam. |
| 264 | 1 |
_aBarcelona: _bGustavo Gili, _c2014. |
|
| 300 |
_a143 páginas : _bilustraciones ; _c22 cm. |
||
| 336 |
_atext _2rdacontent |
||
| 337 |
_aunmediated _2rdamedia |
||
| 338 |
_avolume _2rdacarrier |
||
| 504 | _aBibliografía : páginas 140. | ||
| 504 | _aÍndices: páginas 141-143. | ||
| 505 | 0 | _aLa proporción en el hombre y la naturaleza -- La proporción en la arquitectura -- La sección Áurea -- Rectángulo raíz -- El proceso de análisis geométrico -- Analisis geométrico. | |
| 526 | _aP158 | ||
| 526 | _aP146 | ||
| 526 | _aP17 | ||
| 526 | _aP12 | ||
| 526 | _aP06 | ||
| 650 | 1 | 4 | _aProporción (Arte). |
| 650 | 1 | 4 | _aComposición artística. |
| 910 | _ajck | ||
| 910 | _adbm | ||
| 942 |
_2ddc _cBOOK |
||
| 949 |
_a985.25 F59 _wDEWEY _c1 _i76840 _lCATALOGING _mBUL _p20.00 _r0 _sY _tBOOK _u2017-08-11 _xINGENIERIA _0COMPRA _o.CIRCNOTE. El documento es de alto precio. _o.STAFF. Colección Ingeniería y Arquitectura |
||
| 980 |
_81 _gALBERTO SANCHEZ Responsable de Automatización |
||
| 999 |
_c24946 _d24946 |
||